In the face of adversity (Record no. 66449)

MARC details
000 -LEADER
fixed length control field 01182cam a2200229 4500
001 - CONTROL NUMBER
control field ABS63762
008 - FIXED-LENGTH DATA ELEMENTS--GENERAL INFORMATION
fixed length control field 000000n2001 000 0 eng u
035 ## - SYSTEM CONTROL NUMBER
System control number (Sirsi) u111508
100 ## - MAIN ENTRY--PERSONAL NAME
Personal name Hanson
-- .
245 ## - TITLE STATEMENT
Title In the face of adversity
260 ## - PUBLICATION, DISTRIBUTION, ETC.
Date of publication, distribution, etc. 2001
490 ## - SERIES STATEMENT
Series statement Property Week
Volume/sequential designation 66(10) 9 March 2001, 113-114(2)
520 ## - SUMMARY, ETC.
Summary, etc. Describes, and considers the implications of, the CA's findings in "JA Pye (Oxford) Ltd v Graham". The case involved the granting, and then expiration, of a grazing licence, and a later claim by Graham that they had gained title to the land through 12 years of adverse possession. Pye won the appeal, but lost on its challenge to adverse possession under the Human Rights Act 1998. The case thus confirms that adverse possession is not incompatible with the Human Rights Act. It also illustrates to developers the importance of supervising their holdings adequately, in order to avoid adverse possession claims.
590 ## - LOCAL NOTE (RLIN)
Local note ABS
650 ## - SUBJECT ADDED ENTRY--TOPICAL TERM
Topical term or geographic name entry element ADVERSE POSSESSION
650 ## - SUBJECT ADDED ENTRY--TOPICAL TERM
Topical term or geographic name entry element HUMAN RIGHTS ACT 1998
650 ## - SUBJECT ADDED ENTRY--TOPICAL TERM
Topical term or geographic name entry element SQUATTERS
650 ## - SUBJECT ADDED ENTRY--TOPICAL TERM
Topical term or geographic name entry element GRAZING LEASES
650 ## - SUBJECT ADDED ENTRY--TOPICAL TERM
Topical term or geographic name entry element JA PYE (OXFORD) LTD V GRAHAM
690 ## - LOCAL SUBJECT ADDED ENTRY--TOPICAL TERM (OCLC, RLIN)
Topical term or geographic name as entry element PROPERTY
942 ## - ADDED ENTRY ELEMENTS (KOHA)
Suppress in OPAC 0
Holdings
Withdrawn status Lost status Source of classification or shelving scheme Damaged status Not for loan Home library Current library Shelving location Date acquired Total Checkouts Full call number Barcode Date last seen Copy number Price effective from Koha item type
    Dewey Decimal Classification     London London Journal article 20/03/2001   ABS63762 111508-1001 06/08/2019 1 06/08/2019 Journal article